000 00799nam a2200253Ia 4500
003 OSt
005 20220918170638.0
006 a|||||r|||| 00| 0
007 ta
008 220917b |||||||| |||| 00| 0 eng d
020 _a9780415505420 (pbk)
_c2575.11
024 _a285,408
037 _b972, 10/03/2015, Bright Book Service
_cTextual
040 _aARTS
_cARTS
_beng
041 _2eng
_aeng
082 _aR85vJ, Q4
100 _aHause Jeffrey Ed.
_930221
245 0 _aDebates in medieval philosophy
_b Essential readings and contemporary responses
260 _aNew York
_bRoutledge USA
_c2014
300 _axxix,421p.
_ccm.
650 _aPHILOSOPHY
942 _hR85vJ, Q4
_cTEXL
_2CC
999 _c135040
_d135040